Movies Quiz

Random Movies or Celebrity Quiz

► 100 Years of Movie Stars II: The Sequel Quiz Stats

 Plays Quiz not verified by Sporcle

Challenge
Share
Tweet
Score 0/100 Timer 15:00
2 Plays Today
Hint Answer % Correct
2018Dwayne Johnson
93.4%
1997Robin Williams
92.6%
1998Bruce Willis
91.4%
1976Sylvester Stallone
90.9%
1992Whoopi Goldberg
90.3%
1994Samuel L. Jackson
88.6%
2017Mark Wahlberg
87.6%
2013Sandra Bullock
87.3%
2012Jennifer Lawrence
87.2%
1961Audrey Hepburn
86.1%
2014Angelina Jolie
85.9%
1995Keanu Reeves
85.5%
2016Robert Downey Jr.
84.7%
2004Daniel Radcliffe
84.2%
1990Richard Gere
83.9%
1986Charlie Sheen
82.7%
2003Sean Penn
82.6%
2007Tommy Lee Jones
82.1%
1984Michael Douglas
79.9%
1993Liam Neeson
79.5%
2000Patrick Stewart
78.5%
1971Gene Wilder
78.5%
1999Nicole Kidman
78.1%
1977Burt Reynolds
78.1%
2011Judi Dench
77.4%
1980John Belushi
77.3%
2001Elijah Wood
76.4%
2010Jeff Bridges
76%
1939Judy Garland
74.6%
1978Christopher Walken
74.4%
2006Forest Whitaker
71.8%
1955Frank Sinatra
71.8%
1967Sidney Poitier
71.1%
1973Donald Sutherland
70.4%
Hint Answer % Correct
1982William Shatner
69.4%
2008Gary Oldman
69.3%
1936Shirley Temple
68.5%
1996Demi Moore
68.3%
2002Adrien Brody
67.4%
1987Danny Glover
67.1%
1962Peter O'Toole
66.8%
1988John Cleese
66.3%
1991Laurence Fishburne
66.3%
1985Christopher Lloyd
65.3%
2005Christopher Lee
63.9%
2015Ian McKellen
63.2%
1989Dan Aykroyd
62.6%
1969Maggie Smith
61.9%
1964Dick Van Dyke
61.7%
1968Jane Fonda
58.9%
1960Jack Lemmon
58.1%
2009Christoph Waltz
57.3%
1937Harpo Marx
55.2%
1963Dean Martin
54.9%
1974Faye Dunaway
54.8%
1953Lucille Ball
54.4%
1958Tony Curtis
52.5%
1959Sophia Loren
52.5%
1952Gene Kelly
52.4%
1957Jerry Lewis
52.2%
1931Bela Lugosi
50.8%
1983Shirley MacLaine
50.4%
1975Roy Scheider
48.8%
1956Doris Day
46.6%
1979Robert Duvall
44.5%
1943James Cagney
44.4%
1940Bob Hope
44.4%
1970Telly Savalas
44.2%
Hint Answer % Correct
1965Omar Sharif
44%
1948Lauren Bacall
43.4%
1972Lee Marvin
39.1%
1981Sam Neill
38.9%
1933Mae West
37.4%
1966Richard Burton
36.5%
1951Rock Hudson
34.5%
1950Marlene Dietrich
32.4%
1942Edward G. Robinson
30.4%
1949Olivia de Havilland
26.3%
1954Glenn Ford
26.2%
1934Jean Harlow
25%
1920Mary Pickford
24.7%
1944Claudette Colbert
22.4%
1927Clara Bow
20.2%
1938Barbara Stanwyck
17.5%
1947Deborah Kerr
16.5%
1945Loretta Young
14.5%
1922Max Schreck
13.8%
1941Veronica Lake
13.5%
1925Gloria Swanson
10.6%
1930Norma Shearer
10.5%
1929Fredric March
10.4%
1932Paul Muni
9.9%
1928Louise Brooks
9.9%
1946Gloria Grahame
9.8%
1935Tom Mix
8.7%
1919Erich von Stroheim
7.7%
1926Emil Jannings
6.5%
1924John Gilbert
5.5%
1921Pola Negri
5.2%
1923Conrad Veidt
4.2%

You're not logged in!

Compare scores with friends on all Sporcle quizzes.
OR
Log In

You Might Also Like...

Show Comments

Extras

Top Quizzes Today


Score Distribution

Your Account Isn't Verified!

In order to create a playlist on Sporcle, you need to verify the email address you used during registration. Go to your Sporcle Settings to finish the process.

Report this User

Report this user for behavior that violates our Community Guidelines.

Details: